CAAV tenanted farms survey 2006 (Record no. 79599)

MARC details
000 -LEADER
fixed length control field 00860cab a22002055a 4500
001 - CONTROL NUMBER
control field L141821
008 - FIXED-LENGTH DATA ELEMENTS--GENERAL INFORMATION
fixed length control field 071221s2007 xxk f 000 0 eng d
035 ## - SYSTEM CONTROL NUMBER
System control number (Sirsi) u141821
041 0# - LANGUAGE CODE
Language code of text/sound track or separate title eng
110 2# - MAIN ENTRY--CORPORATE NAME
Corporate name or jurisdiction name as entry element Farmland Market
9 (RLIN) 5484
245 00 - TITLE STATEMENT
Title CAAV tenanted farms survey 2006
260 ## - PUBLICATION, DISTRIBUTION, ETC.
Date of publication, distribution, etc. 2007
490 ## - SERIES STATEMENT
Series statement Farmland Market
Volume/sequential designation (68) Winter 2007, 35(1)
520 ## - SUMMARY, ETC.
Summary, etc. The 30th annual Tenanted Farms Survey of the Central Association of Agricultural Valuers finds that there was a significant decline in activity in the let sector, and a small increase in the area of the tenanted sector. Suggests that restructuring may be performed by business contract more in future.
590 ## - LOCAL NOTE (RLIN)
Local note KA
650 24 - SUBJECT ADDED ENTRY--TOPICAL TERM
Topical term or geographic name entry element AGRICULTURAL TENANCIES ACT 1995
651 #4 - SUBJECT ADDED ENTRY--GEOGRAPHIC NAME
Geographic name England and Wales
Chronological subdivision 1543-
690 ## - LOCAL SUBJECT ADDED ENTRY--TOPICAL TERM (OCLC, RLIN)
Topical term or geographic name as entry element PROPERTY-RURAL AND NATURAL ASSETS-AGRICULTURAL PROPERTY
942 ## - ADDED ENTRY ELEMENTS (KOHA)
Suppress in OPAC 0
Holdings
Withdrawn status Lost status Source of classification or shelving scheme Damaged status Not for loan Home library Current library Shelving location Date acquired Total Checkouts Full call number Barcode Date last seen Copy number Price effective from Koha item type
    Dewey Decimal Classification     London London Journal article 21/12/2007   L141821 141821-1001 06/08/2019 1 06/08/2019 Journal article